00974cam a22002534a 450000100060000000300080000600500170001400800390003102000280007003500190009804000320011704100080014908200270015724500800018426000500026430000630031450400660037765000360044365000280047970000190050770000280052685600750055485600910062913735BD-RjUL20211208235514.0140201s2003 maua b 001 0 eng a1402073178 (alk. paper) a(BD-RjUL)13787 aDLCcDLCdDLCdBD-RjULbeng aeng00a363.7384221bARS 200300aArsenic in ground water /cedited by Alan H. Welch, Kenneth G. Stollenwerk. aBoston :bKluwer Academic Publishers,cc2003. aix, 475 p. :bill. (some col.), maps (some col.) ;c24 cm. aIncludes bibliographical references (p. [421]-470) and index. 0aArsenicxEnvironmental aspects. 0aGroundwaterxPollution.1 aWelch, Alan H.1 aStollenwerk, Kenneth G.413Table of contentsuhttp://www.loc.gov/catdir/toc/fy036/2002035708.html423Publisher descriptionuhttp://www.loc.gov/catdir/enhancements/fy0821/2002035708-d.html